John Updike
Gespeichert in:
| 1. Verfasser: | |
|---|---|
| Format: | Buch |
| Sprache: | Englisch |
| Veröffentlicht: |
Boston
Twayne Publishers
1972
|
| Schriftenreihe: | Twayne's United States Authors Series. TUSAS, 214
|
| Schlagworte: | |
| Tags: |
Tag hinzufügen
Keine Tags, Fügen Sie den ersten Tag hinzu!
|
MARC
| LEADER | 00000nam a2200000 a 4500 | ||
|---|---|---|---|
| 001 | UCQ2515 | ||
| 003 | CL-VaPUC | ||
| 008 | 980724e19720000US |||||||||||||||||eng|d | ||
| 082 | 0 | 4 | |a 813.09 |b DET |2 21 |
| 100 | 0 | |a Detweiler, Robert |e author |9 416446 | |
| 245 | 1 | 0 | |a John Updike |
| 300 | |a 183 p | ||
| 942 | |c BK | ||
| 945 | |d 19980724 00:00:00 |a crobeson | ||
| 260 | |a Boston |b Twayne Publishers |c 1972 | ||
| 600 | 0 | 7 | |a UPDIKE, JOHN |2 CL-VaPUC |9 416447 |
| 650 | 7 | |a NOVELA ESTADOUNIDENSE |2 CL-VaPUC |9 266286 | |
| 650 | 0 | |a Literatura estadounidense |9 317168 | |
| 650 | 0 | |a Crítica e interpretación |9 255042 | |
| 650 | 0 | |a Crítica literaria |9 269189 | |
| 583 | |a last modification |c 19980724 00:00:00 |k Rodrigo Vera | ||
| 490 | 0 | |a Twayne's United States Authors Series. TUSAS, 214 | |
| 999 | |c 273333 |d 273331 | ||
| 952 | |0 0 |1 0 |4 0 |6 813_090000000000000_DET_1972 |7 0 |8 A |9 308790 |a BIBEDU |b BIBEDU |d 2019-11-20 |i 1448455 |o 813.09 DET 1972 |p 1448455 |r 2019-11-20 |w 2019-11-20 |y BK |k LIT | ||